| 000 | 00641nam a2200217 a 4500 | ||
|---|---|---|---|
| 005 | 20140310183141.0 | ||
| 008 | 020822s19uu xx 00 eng d | ||
| 020 | _a395716756 | ||
| 020 | _a395109431 | ||
| 050 |
_aHD 70.U5 _b.H54 1995 |
||
| 100 | _aHill, Charles W.L. | ||
| 245 |
_aStrategic management : _ban integrated approach / _cCharles W.L. Hill. |
||
| 260 |
_aBoston : _bHoughton Mifflin Co., _c1995. |
||
| 300 |
_axxiii, 436, [557] p. : _bill. ; _c26 cm. |
||
| 521 | _aBSBA | ||
| 546 | _aC0304 | ||
| 650 |
_amanagement _xcase studies |
||
| 650 | _aStrategic planning | ||
| 650 | _aBusiness planning | ||
| 942 |
_cBK _2lcc _kFOR |
||
| 999 |
_c19412 _d19412 |
||